Studiën over Calderon / (Record no. 162760)
[ view plain ]
| 000 -LEADER | |
|---|---|
| campo de control de longitud fija | 00633nam a22001935i 4500 |
| 001 - NÚMERO DE CONTROL | |
| campo de control | 162760 |
| 003 - IDENTIFICADOR DE NÚMERO DE CONTROL | |
| campo de control | ES-MaACL |
| 005 - FECHA Y HORA DE LA ÚLTIMA TRANSACCIÓN | |
| campo de control | 20250131234115.0 |
| 008 - DATOS DE LONGITUD FIJA--INFORMACIÓN GENERAL | |
| campo de control de longitud fija | 990127s1880 ne |||| | dut d |
| 040 ## - FUENTE DE CATALOGACIÓN | |
| Centro catalogador/agencia de origen | CCPB | B |
| Lengua de catalogación | spa |
| Centro/agencia transcriptor | CCPB | B |
| 100 1# - ENTRADA PRINCIPAL--NOMBRE DE PERSONA | |
| Nombre de persona | Putman, J. J. |
| 9 (RLIN) | 131439 |
| 245 10 - MENCIÓN DEL TÍTULO | |
| Título | Studiën over Calderon / |
| Mención de responsabilidad, etc. | en zijne geschriften door J. J. Putman. |
| 260 ## - PUBLICACIÓN, DISTRIBUCIÓN, ETC. | |
| Lugar de publicación, distribución, etc. | Utrecht : |
| Nombre del editor, distribuidor, etc. | J. L. Beijers, |
| Fecha de publicación, distribución, etc. | 1880. |
| 300 ## - DESCRIPCIÓN FÍSICA | |
| Extensión | X, 490 p. ; |
| Dimensiones | 23 cm. |
| 600 14 - PUNTO DE ACCESO ADICIONAL DE MATERIA--NOMBRE DE PERSONA | |
| Nombre de persona | Calderón de la Barca, Pedro- |
| Subdivisión general | Crítica e interpretación |
| 9 (RLIN) | 33614 |
| 752 ## - ENTRADA AGREGADA--NOMBRE JERÁRQUICO DEL LUGAR | |
| País o entidad superior | Holanda - |
| Ciudad | Utrecht |
| 852 ## - LOCALIZACIÓN | |
| Ubicación | ES-MaACL |
| Número de control de estantería | G-386 |
| Nota libre | -- Enc. hol. |
| Estatus retirado | Estado de pérdida | Estado de daño | No para préstamo | Colección | Biblioteca de origen | Biblioteca actual | Ubicación en estantería | Fecha de adquisición | Fuente de adquisición | Total de préstamos | Signatura topográfica completa | Código de barras | Visto por última vez | Precio de reemplazo | Tipo de ítem Koha |
|---|---|---|---|---|---|---|---|---|---|---|---|---|---|---|---|
| Libros del s. XIX | Biblioteca del Ateneo de Madrid | Biblioteca del Ateneo de Madrid | Depósito 2 | 17/01/2008 | G-386 | 1170527 | 23/02/2023 | 23/02/2023 | Libro impreso antiguo |
